[Event "ENG-ch Chessable (Women)"]
[Site "Kenilworth"]
[Date "2023.05.29"]
[Round "7"]
[White "Sivanandan, Bodhana"]
[Black "Latypova, Olga L"]
[Result "1-0"]
[WhiteElo "1792"]
[BlackElo "1780"]
[PlyCount "79"]
[EventDate "2023.05.26"]
[EventType "swiss"]
[EventRounds "7"]
[EventCountry "ENG"]
[SourceTitle "CBM 214 Extra"]
[Source "ChessBase"]
[SourceDate "2023.07.31"]
[SourceVersion "1"]
[SourceVersionDate "2023.07.31"]
[SourceQuality "1"]

1. e4 c5 2. Nc3 e6 3. Nge2 Nc6 4. g3 g6 5. d4 cxd4 6. Nxd4 a6 7. Nxc6 dxc6 8. Qxd8+ Kxd8 9. Bf4 Be7 10. 0-0-0+ Ke8 11. e5 f6 12. Ne4 f5 13. Nd6+ Bxd6 14. Rxd6 Ne7 15. Bc4 Kf7 16. Rhd1 h6 17. Be3 b5 18. Bb3 a5 19. a4 Rb8 20. Bc5 g5 21. Rd8 Re8 22. Bxe7 Kxe7 23. Rxe8+ Kxe8 24. Rd6 Ke7 25. Rxc6 Bd7 26. Rc7 Kd8 27. Ra7 bxa4 28. Bc4 Rb4 29. Bd3 Bb5 30. Rxa5 Bxd3 31. cxd3 Rd4 32. Kc2 f4 33. Kc3 fxg3 34. fxg3 Rd7 35. Rxa4 Ke7 36. Rc4 Kf7 37. b4 Kg6 38. g4 h5 39. h3 Rf7 40. b5 1-0

[Event "Oxted op"]
[Site "Oxted"]
[Date "2022.11.12"]
[Round "2"]
[White "Banerjee, Supratit"]
[Black "Latypova, Olga L"]
[Result "1/2-1/2"]
[WhiteElo "1533"]
[BlackElo "1705"]
[PlyCount "63"]
[EventDate "2022.11.12"]
[EventType "swiss"]
[EventRounds "5"]
[EventCountry "ENG"]
[SourceTitle "CBM 211 Extra"]
[Source "ChessBase"]
[SourceDate "2023.01.31"]
[SourceVersion "1"]
[SourceVersionDate "2023.01.31"]
[SourceQuality "1"]

1. e4 c5 2. c3 d5 3. exd5 Qxd5 4. d4 Nc6 5. Nf3 e6 6. Be3 cxd4 7. cxd4 Nf6 8. Nc3 Qd6 9. Bd3 Be7 10. 0-0 0-0 11. h3 Nb4 12. Bb1 Nbd5 13. Re1 a6 14. a3 b6 15. Qc2 Bb7 16. Ng5 g6 17. Nge4 Nxe3 18. Nxf6+ Bxf6 19. fxe3 Bh4 20. Rf1 Qg3 21. Qe2 Bg5 22. Nd1 f5 23. Bd3 Rfd8 24. Bc4 Rd6 25. Qf2 Qxf2+ 26. Rxf2 b5 27. Bb3 Rc8 28. Rc2 Rxc2 29. Bxc2 Bd5 30. Kf2 Rc6 31. Nc3 Rc8 32. Bd1 1/2-1/2

[Event "Southend Easter op 64th"]
[Site "Southend"]
[Date "2022.04.18"]
[Round "7"]
[White "Latypova, Olga L"]
[Black "Staples, Maurice J"]
[Result "1/2-1/2"]
[WhiteElo "1451"]
[BlackElo "1986"]
[PlyCount "39"]
[EventDate "2022.04.15"]
[EventType "swiss"]
[EventRounds "7"]
[EventCountry "ENG"]
[SourceTitle "CBM 207 Extra"]
[Source "ChessBase"]
[SourceDate "2022.05.31"]
[SourceVersion "1"]
[SourceVersionDate "2022.05.31"]
[SourceQuality "1"]

1. e4 d6 2. d4 g6 3. Nc3 Bg7 4. g3 b6 5. Bg2 Bb7 6. Nge2 e6 7. 0-0 Ne7 8. f4 Nd7 9. Be3 0-0 10. h3 f5 11. e5 Bxg2 12. Kxg2 d5 13. Ng1 a6 14. Nf3 Nc6 15. b3 Qe7 16. Ne2 b5 17. c4 bxc4 18. bxc4 Nb6 19. c5 Nc4 20. Bg1 1/2-1/2

[Event "Southend Easter op 64th"]
[Site "Southend"]
[Date "2022.04.15"]
[Round "2"]
[White "Latypova, Olga L"]
[Black "Pandit, Kabir"]
[Result "1/2-1/2"]
[WhiteElo "1451"]
[BlackElo "1826"]
[PlyCount "105"]
[EventDate "2022.04.15"]
[EventType "swiss"]
[EventRounds "7"]
[EventCountry "ENG"]
[SourceTitle "CBM 207 Extra"]
[Source "ChessBase"]
[SourceDate "2022.05.31"]
[SourceVersion "1"]
[SourceVersionDate "2022.05.31"]
[SourceQuality "1"]

1. e4 e5 2. Nf3 Nf6 3. Nxe5 d6 4. Nf3 Nxe4 5. Nc3 Nf6 6. d4 Be7 7. Bd3 a6 8. h3 b5 9. 0-0 Bb7 10. Re1 0-0 11. Qe2 Re8 12. Ne4 Nbd7 13. Bd2 Nxe4 14. Bxe4 Bf6 15. Qd3 Bxe4 16. Rxe4 Rxe4 17. Qxe4 c5 18. c3 Nb6 19. Be3 d5 20. Qc2 c4 21. Re1 h6 22. Bf4 Nd7 23. Qf5 Nf8 24. Be5 Be7 25. Bg3 Bf6 26. Ne5 g6 27. Qf3 Rc8 28. Ng4 Bg7 29. Ne3 Ne6 30. Qxd5 Qb6 31. Qf3 Nxd4 32. cxd4 Qxd4 33. Nd5 Rf8 34. Nc3 Qd2 35. Qe2 Qxe2 36. Rxe2 Rd8 37. Be5 Bxe5 38. Rxe5 b4 39. Nd5 a5 40. Kf1 Kf8 41. Ke2 Rd6 42. Ne3 c3 43. bxc3 bxc3 44. Rd5 Rb6 45. Nc4 Rb1 46. Ne3 Rb2+ 47. Kd3 Rxa2 48. Kxc3 Rxf2 49. Rxa5 f5 50. Ra8+ Kf7 51. Ra7+ Kf8 52. Ra8+ Kf7 53. Ra7+ 1/2-1/2

[Event "EU-ch Hybrid U14 Girls"]
[Site "Tornelo INT"]
[Date "2021.10.15"]
[Round "5"]
[White "Kovacs, Reka"]
[Black "Latypova, Olga L"]
[Result "1-0"]
[WhiteElo "1663"]
[BlackElo "1266"]
[PlyCount "87"]
[EventDate "2021.10.15"]
[EventType "swiss"]
[EventRounds "9"]
[EventCountry "NET"]
[SourceTitle "EXT 2023"]
[Source "ChessBase"]
[SourceDate "2022.10.05"]
[SourceVersion "1"]
[SourceVersionDate "2022.10.05"]
[SourceQuality "1"]
[WhiteTeam "Hungary"]
[BlackTeam "England"]
[WhiteTeamCountry "HUN"]
[BlackTeamCountry "ENG"]

1. e4 c5 2. Nf3 e6 3. d4 cxd4 4. Nxd4 Qc7 5. Bd3 a6 6. 0-0 g6 7. c4 Bg7 8. Nb3 b6 9. Nc3 d6 10. Bg5 Nf6 11. Qf3 Nfd7 12. Rac1 Ne5 13. Qe2 Nbc6 14. Nd5 exd5 15. cxd5 Qd7 16. dxc6 Nxc6 17. e5 d5 18. f4 0-0 19. Qf2 Rb8 20. Qh4 Re8 21. Bf6 Bb7 22. Bxg7 Kxg7 23. Rf3 Qd8 24. Qh3 f6 25. Bxa6 Bxa6 26. Rxc6 fxe5 27. f5 Bc8 28. Rg3 Qe7 29. Qh5 Qb4 30. Rc7+ Re7 31. Rxe7+ Qxe7 32. fxg6 h6 33. Rf3 Qg5 34. Rf7+ Kg8 35. Qd1 Be6 36. Rf3 Qg4 37. Qf1 e4 38. h3 Qxg6 39. Rf6 Qe8 40. Nd4 Bd7 41. Qf4 Rc8 42. Qxh6 Qe5 43. Rg6+ Kf7 44. Qh7+ 1-0

[Event "EU-ch Hybrid U14 Girls"]
[Site "Tornelo INT"]
[Date "2021.10.15"]
[Round "2"]
[White "Latypova, Olga L"]
[Black "Muradyan, Anahit"]
[Result "0-1"]
[WhiteElo "1266"]
[BlackElo "1548"]
[PlyCount "70"]
[EventDate "2021.10.15"]
[EventType "swiss"]
[EventRounds "9"]
[EventCountry "NET"]
[SourceTitle "EXT 2023"]
[Source "ChessBase"]
[SourceDate "2022.10.05"]
[SourceVersion "1"]
[SourceVersionDate "2022.10.05"]
[SourceQuality "1"]
[WhiteTeam "England"]
[BlackTeam "Armenia"]
[WhiteTeamCountry "ENG"]
[BlackTeamCountry "ARM"]

1. e4 e6 2. d4 d5 3. Nd2 c5 4. exd5 Qxd5 5. Ngf3 cxd4 6. Bc4 Qd6 7. 0-0 Nc6 8. Nb3 Nf6 9. Nbxd4 Nxd4 10. Nxd4 a6 11. c3 Be7 12. Re1 0-0 13. Qf3 Qc7 14. Bb3 Rb8 15. h3 b5 16. Bf4 Bd6 17. Bg5 Bb7 18. Qd3 Nh5 19. Bc2 g6 20. Rad1 Bf4 21. Bh4 Bh2+ 22. Kh1 Nf4 23. Qd2 Nxg2 24. f3 Nxe1 25. Rxe1 Bg3 26. Bf6 Qf4 27. Qxf4 Bxf4 28. Kg2 Rfe8 29. Nb3 Rbc8 30. Rd1 Bd5 31. Bd3 Bh6 32. Bd4 Bg7 33. Bb1 Red8 34. Kf2 Bxb3 35. axb3 e5 0-1

[Event "EU-ch Hybrid U14 Girls"]
[Site "Tornelo INT"]
[Date "2021.10.15"]
[Round "7"]
[White "Latypova, Olga L"]
[Black "Radenkovic, Mila"]
[Result "1-0"]
[WhiteElo "1266"]
[BlackElo "1715"]
[PlyCount "107"]
[EventDate "2021.10.15"]
[EventType "swiss"]
[EventRounds "9"]
[EventCountry "NET"]
[SourceTitle "EXT 2023"]
[Source "ChessBase"]
[SourceDate "2022.10.05"]
[SourceVersion "1"]
[SourceVersionDate "2022.10.05"]
[SourceQuality "1"]
[WhiteTeam "England"]
[BlackTeam "Serbia"]
[WhiteTeamCountry "ENG"]
[BlackTeamCountry "SRB"]

1. e4 c5 2. Nf3 g6 3. d4 cxd4 4. Nxd4 Nc6 5. c4 Bg7 6. Be3 Nf6 7. Nc3 d6 8. Be2 0-0 9. f3 Nxd4 10. Bxd4 Be6 11. 0-0 Qa5 12. Be3 Rac8 13. Nd5 Nxd5 14. cxd5 Bd7 15. Bd4 Bxd4+ 16. Qxd4 Qc5 17. Qxc5 Rxc5 18. Rac1 Rfc8 19. Rxc5 Rxc5 20. Bd3 Kf8 21. Kf2 e6 22. dxe6 Bxe6 23. b3 Ra5 24. Bb1 Ke7 25. Rc1 Rc5 26. Rxc5 dxc5 27. Bd3 Kd6 28. Ke3 a5 29. Bb5 Kc7 30. Kd3 Kb6 31. Bc4 Kc6 32. a4 Kd6 33. Bxe6 fxe6 34. Kc4 Kc6 35. f4 h5 36. g3 Kd6 37. Kb5 e5 38. Kxa5 exf4 39. gxf4 Kc6 40. e5 h4 41. e6 Kd6 42. Kb6 Kxe6 43. Kxb7 Kf5 44. a5 Kg4 45. a6 Kh3 46. a7 Kxh2 47. a8Q h3 48. Kb6 Kg1 49. Qa1+ Kg2 50. Kxc5 h2 51. b4 h1Q 52. Qxh1+ Kxh1 53. b5 Kg2 54. Kd5 1-0

[Event "British OTB-ch"]
[Site "Hull"]
[Date "2021.10.04"]
[Round "3"]
[White "Brooks, Paul"]
[Black "Latypova, Olga L"]
[Result "1/2-1/2"]
[WhiteElo "2191"]
[BlackElo "1266"]
[PlyCount "46"]
[EventDate "2021.10.02"]
[EventType "swiss"]
[EventRounds "9"]
[EventCountry "ENG"]
[SourceTitle "EXT 2022"]
[Source "ChessBase"]
[SourceDate "2021.10.06"]
[SourceVersion "1"]
[SourceVersionDate "2021.10.06"]
[SourceQuality "1"]

1. d4 Nf6 2. Nf3 g6 3. Nbd2 d5 4. e3 Bg7 5. b4 0-0 6. c4 c6 7. Be2 dxc4 8. Nxc4 Nd5 9. Bd2 Nd7 10. Rc1 N7f6 11. 0-0 Be6 12. a3 Nb6 13. Na5 Rb8 14. Nb3 Ne4 15. Nc5 Nxd2 16. Qxd2 Bg4 17. Rfd1 Nd7 18. Qc2 Nxc5 19. Qxc5 a6 20. a4 Qd6 21. h3 Be6 22. Bc4 Bxc4 23. Qxc4 Rfd8 1/2-1/2

[Event "British OTB-ch"]
[Site "Hull"]
[Date "2021.10.03"]
[Round "2"]
[White "Latypova, Olga L"]
[Black "Arkell, Keith C"]
[Result "0-1"]
[WhiteElo "1266"]
[BlackElo "2380"]
[PlyCount "58"]
[EventDate "2021.10.02"]
[EventType "swiss"]
[EventRounds "9"]
[EventCountry "ENG"]
[SourceTitle "EXT 2022"]
[Source "ChessBase"]
[SourceDate "2021.10.06"]
[SourceVersion "1"]
[SourceVersionDate "2021.10.06"]
[SourceQuality "1"]

1. e4 d6 2. d4 Nf6 3. Nc3 c6 4. a4 Nbd7 5. g3 e5 6. Nge2 exd4 7. Nxd4 Nc5 8. Bg2 a5 9. 0-0 Be7 10. h3 0-0 11. Be3 Re8 12. Nde2 Bf8 13. Bxc5 dxc5 14. Qd3 Qxd3 15. cxd3 Be6 16. f4 Rad8 17. e5 Nd5 18. Rf3 Nb4 19. Rd1 Bb3 20. Rd2 Bc4 21. Nc1 f6 22. Rd1 Ba6 23. exf6 gxf6 24. Bf1 f5 25. Nb3 b6 26. Nc1 Bg7 27. g4 Nc2 28. Rd2 Bd4+ 29. Kh2 Ne1 0-1

[Event "GBR-ch Online"]
[Site "Chess.com INT"]
[Date "2021.08.02"]
[Round "4"]
[White "Khoury, Theo"]
[Black "Latypova, Olga L"]
[Result "1-0"]
[WhiteElo "1697"]
[BlackElo "1194"]
[PlyCount "65"]
[EventDate "2021.07.30"]
[EventType "swiss"]
[EventRounds "9"]
[EventCountry "ENG"]
[SourceTitle "CBM 203 Extra"]
[Source "ChessBase"]
[SourceDate "2021.09.30"]
[SourceVersion "1"]
[SourceVersionDate "2021.09.30"]
[SourceQuality "1"]

1. e4 c5 2. Nf3 e6 3. d4 cxd4 4. Nxd4 a6 5. c4 Qc7 6. Nc3 b6 7. Be3 Bb7 8. a3 Nf6 9. f3 d6 10. Be2 Be7 11. 0-0 Nbd7 12. b4 0-0 13. Rc1 Rfd8 14. Qe1 Ne5 15. Qf2 Rab8 16. Rfd1 Bf8 17. h3 g6 18. Bg5 Ned7 19. Ncb5 Qc8 20. Na7 Qc7 21. Ndb5 axb5 22. cxb5 Nc5 23. Bxf6 Re8 24. bxc5 dxc5 25. Qd4 Ra8 26. Be5 Qe7 27. Qa4 Bd5 28. exd5 Rxa7 29. Qb3 exd5 30. Rxd5 Qe6 31. Bc4 Qe7 32. f4 Rea8 33. Ra1 1-0